00501nam a2200157 i 4500001000700000003000900007005001700016007000300033008004100036100002000077245009900097260006300196300002100259651003100280852003200311140898ES-MaACL20230906200157.0t|070918s1984 ch ||||1| eng d1 aYin, Ching-Yao.10aRed China's relations with the Soviet Union b: evolutions and prospects / cby Ching-yao Yin. a[Taipei] : bAsian Peoples' Anti-Communist League, c1984. a83 p. ; c18 cm. 4aChina-xRelaciones-yURSS. aES-MaACLjL-5995 bR.106842